000 00413nam a22001817a 4500
003 MPLRDC
005 20220104142816.0
008 210129b ||||| |||| 00| 0 eng d
082 _a857.7 GT v.5
100 _a光泰
245 _a钱海情波
_c
250 _a初版
260 _a
_b金鞍出版社
_c1988
300 _b
490 _a枕边系列
650 _a长篇小说
942 _cBK
_o857.7 GT v.5
999 _c33882
_d33872